Statistiques concernant Voies d'escalade en falaise les plus dures

Cliquez ici pour prendre le quiz!

Statistiques générales

  • Ce quiz a été pris 68 fois
    (45 depuis la dernière actualisation)
  • Le résultat moyen est 6 sur 57

Statistiques - réponses

CotationFalaiseVoie% Correct
9cFlatangerSilence
95%
9cVerdonDNA
79%
9b+CéüseBibliographie
76%
9b+ArcoExcalibur
47%
9b/+FlatangerMove
29%
9bFlatangerMove Hard
29%
9b+FlatangerChange
18%
9b+OlianaLa dura dura
18%
9b+MargalefPerfecto Mundo
18%
9b/+Pic Saint-LoupBeyond intégrale
16%
9b/+VerdonLa rage d'Adam
13%
9b/+FlatangerNordic Marathon
13%
9bSaint LégerEagle-4
11%
9bClark MountainJumbo Love
11%
9b+Clark MountainSuprême Jumbo Love
11%
9b+Moravsky KrasVasil Vasil
11%
9b/+ArcoWonderland
11%
9bRodellarAli Hulk sit start Extension
8%
9bRodellarAli Hulk sit start Extension Total
8%
9bArcoErebor
8%
9b/+SiuranaKing Capella
8%
9bOlianaMamichula
8%
9bOlianaFight or Flight
5%
9b+MargalefMejorando la Samfaina
5%
9bArcoBomba
3%
9bMargalefCafé Solo
3%
9bOrgonChikane
3%
9bMollansCRS
3%
9bMargalefFirst Round First Minute
3%
9bVillanueva del RosarioLa Planta de Shiva
3%
9bOrgonObsession
3%
9b?CéüseRatstaman Vibration
3%
9bSanta LinyaStoking the Fire
3%
9bArcoThe Lonely Mountain
3%
9b+Moravsky KrasZvěřinec
3%
9bSaint LoupCryptography
0%
9bAcéphaleDisbelief
0%
9bLa Cova de l'OcellEl Bon Combat
0%
9b5GEvent Horizon
0%
9bRaven's CragFight Club
0%
9bSiuranaGolpe de Estado
0%
9bFlatangerIron Curtain
0%
9bJanseggLa Barrière
0%
9bSperlongaL'Arenauta
0%
9bSand in TaufersLord of Darkness
0%
9bKanonenwandMadame Ching
0%
9bSanta LinyaNeanderthal
0%
9bArcoOne Slap
0%
9bRodellarPicacho
0%
9bArcoQueen Line
0%
9bMalhamRainman
0%
9bAlternativna StenaRobin Ud
0%
9bOlianaShaxi Raxi
0%
9bOkutamaSoul Mate
0%
9b?Soul Rock Dance
0%
9bMoravsky KrasTaurus
0%
9bBrarThe Dream
0%

Distribution des résultats

Percentile par nombre de réponses

% des personnes avec chaque résultat

Votre développement - résultats

Vous n’avez pas pris ce quiz depuis la dernière actualisation